| 000 | 00671cam a2200217 a 4500 | ||
|---|---|---|---|
| 001 | 2504924 | ||
| 005 | 20260311181828.0 | ||
| 008 | 920728s1993 nyuab b 001 0 eng | ||
| 020 | _a0070342636 | ||
| 020 | _a9780070342637 | ||
| 050 | 0 | 0 |
_aHG3881 _b.C324 1993 |
| 082 | 0 | 0 |
_a658.15/99 _220 |
| 100 | 1 | _aKester, W. Carl. | |
| 245 | 1 | 0 |
_aCase problems in international finance / _cW. Carl Kester, Timothy A. Luehrman. |
| 260 |
_aNew York : _bMcGraw-Hill, _cc1993. |
||
| 300 |
_axiii, 617 p. : _bill., maps ; _c25 cm. |
||
| 440 | 0 | _aMcGraw-Hill series in finance | |
| 650 | 0 |
_aInternational finance _xCase studies. |
|
| 700 | 1 | _aLuehrman, Timothy A. | |
| 942 |
_2lcc _cBK _n0 |
||
| 999 |
_c8953 _d8953 |
||